00860cam a2200241 a 450000100100000000500170001000800410002702000280006802000350009604000180013108200200014910000520016924500590022126000580028030000210033865000280035965000430038791000340043091000070046404900090047195201230048099900150060300000909020200929161502.0941014s1993 ck 000 f spa d a9586121410 (Colcultura) a9589012922 (Áncora Editores) aDO-SdBNPcDLC aC863.44bC112cr1 aCaballero Calderón, Eduardo,d1910-19939374813aEl Cristo de espaldas /cEduardo Caballero Calderón. aBogotá, Colombia :bColcultura :bÁncora,cc1993. a194 p. ;c22 cm. 4aNovela colombiana91243 4aLiteratura colombianaySIGLO XX914409 aCatalogación por copia / LC aWM aBNGR 001054708MOaGRbGRcHDd2009-09-26iLF1l0oC863.44 C112crp9090-10r2020-06-25w2020-06-25y4ZPréstamo en sala c8854d8854